|
|
|
|
| LEADER |
00000nab a2200000 a 4500 |
| 001 |
vtls000448111 |
| 003 |
SK-MaSNL |
| 005 |
20260318124901.0 |
| 008 |
230223c1991 xo 0 eng |
| 015 |
|
|
|a SNBRB19rr/mm-uuuuu
|
| 035 |
|
|
|a CL0448242
|
| 035 |
|
|
|a urn:nbn:sk:snk-abbmmr
|
| 035 |
|
|
|a (urnnbn)urn:nbn:sk:snk:ar-006lcv
|
| 035 |
|
|
|a (uuid)46ec2885-0ae4-4010-97b4-6d0f70cc0356
|
| 040 |
|
|
|a SNKBUCL
|b slo
|c SNKBUCL
|e AACR2
|
| 041 |
0 |
|
|a eng
|
| 044 |
|
|
|a xo
|c SK
|
| 080 |
|
|
|a 57.08:501
|2 1981
|
| 080 |
|
|
|a 501
|2 1981
|
| 100 |
1 |
|
|a Smítalová, Kristína,
|d 1943-
|4 aut
|9 7564
|
| 245 |
1 |
0 |
|a Methodological problems of a biological experiment
|c Kristína Smítalová
|
| 650 |
0 |
7 |
|a experimenty biologické
|x metódy
|x publikácie
|x recenzie
|2 snkbucl
|9 1296776
|
| 655 |
|
7 |
|a články z novín a časopisov
|2 snkbucl
|9 267496
|
| 773 |
0 |
|
|t Mathematica slovaca
|g Roč. 41, č. 2 (1991), s. 224
|
| 787 |
0 |
8 |
|i Rec.:
|a Bolt, J.
|t Methodological Problems of a Biological Experiment
|d Bratislava
|
| 850 |
|
|
|a Slovenská národná knižnica v Martine
|a MTA001
|
| 852 |
|
|
|a SNK
|b KIS3GCP
|
| 958 |
|
|
|a OND
|
| 958 |
|
|
|a RK
|
| 958 |
|
|
|a ME
|
| 958 |
|
|
|a EUIPO
|
| 958 |
|
|
|a article15
|
| 992 |
|
|
|a RBX
|
| 999 |
|
|
|c 2591965
|d 2593895
|